Bandiere da un Colore - Statistics

Statistiche generali
  • Questo quiz è stato fatto 60 volte
  • Il punteggio medio è 37 su 64
Statistiche sulle risposte
con Immagini Risposta % Corretto
Stati Uniti
98%
Bhutan
92%
Corea del Nord
84%
Svizzera
78%
Macedonia del Nord
76%
Regno Unito
76%
Kenya
75%
Libia
75%
Slovacchia
73%
Uruguay
73%
Corea del Sud
71%
Maldive
71%
Repubblica Democratica del Congo
71%
Venezuela
71%
Barbados
69%
Burundi
69%
Panama
69%
Zambia
69%
Etiopia
67%
Liechtenstein
67%
Mongolia
67%
Sudafrica
67%
Angola
65%
Cambogia
65%
Tonga
65%
Mozambico
63%
Figi
61%
Giamaica
61%
Oman
61%
Algeria
59%
Palau
59%
Saint Lucia
59%
Mauritania
57%
Papua Nuova Guinea
57%
Brasile
55%
Malesia
55%
Seychelles
55%
Comore
53%
Eritrea
53%
Isole Marshall
53%
Malawi
53%
Vanuatu
53%
Antigua e Barbuda
51%
Bahamas
51%
Birmania
51%
Repubblica Centrafricana
51%
Saint Vincent e Grenadine
51%
São Tomé e Príncipe
51%
Bosnia ed Erzegovina
49%
Grenada
49%
Zimbabwe
49%
Saint Kitts e Nevis
47%
Dominica
45%
Namibia
45%
Ruanda
45%
Samoa
45%
Tuvalu
43%
Trinidad e Tobago
39%
Repubblica del Congo
33%
Guyana
31%
Timor Est
27%
Sud Sudan
25%
Togo
24%
Tanzania
16%
Nessun quiz corrispondente trovato
Distribuzione punteggi
Percentuale di utenti per punteggio
Percentile per numero di risposta
I tuoi punteggi nel tempo
Non hai fatto questo quiz